The Bookshop book.
| Main Author: | |
|---|---|
| Format: | Book |
| Published: |
London:
Constable,
2014.
|
| Subjects: |
| LEADER | 00377cam a2200145 7i4500 | ||
|---|---|---|---|
| 001 | 0000032253 | ||
| 005 | 20150730090000.0 | ||
| 020 | 0 | 0 | |a 9781472116666 |
| 090 | 0 | 0 | |a B 381.45002 |b CAM |
| 100 | 1 | 0 | |a Campbell, Jen |
| 245 | 1 | 4 | |a The Bookshop book. |
| 260 | 0 | 0 | |a London: |b Constable, |c 2014. |
| 300 | # | # | |a 273 pages. |
| 650 | 0 | 0 | |a Bookstores |
| 999 | |a B000036020 |b Book |c Book |e Business Information Centre | ||


